NLSUI OPAC header image

Law relating to educational institutions and students (Record no. 6532)

MARC details
000 -LEADER
fixed length control field 00435nam a2200157Ia 4500
008 - FIXED-LENGTH DATA ELEMENTS--GENERAL INFORMATION
fixed length control field 160316s1978 xxu||||| |||| 00| 0 eng d
082 ## - DEWEY DECIMAL CLASSIFICATION NUMBER
Classification number 344.070000
Item number RAU
100 ## - MAIN ENTRY--PERSONAL NAME
Personal name Rau K V Padmanabha
245 ## - TITLE STATEMENT
Title Law relating to educational institutions and students
250 ## - EDITION STATEMENT
Edition statement
260 ## - PUBLICATION, DISTRIBUTION, ETC.
Place of publication, distribution, etc. Madras
Name of publisher, distributor, etc. Kavya Publications
Date of publication, distribution, etc. 1978
300 ## - PHYSICAL DESCRIPTION
Extent 304p
Other physical details
Dimensions xxxviii
365 ## - TRADE PRICE
Price amount Rs.24/-
650 ## - SUBJECT ADDED ENTRY--TOPICAL TERM
Topical term or geographic name entry element 1.Law - Educational Institutions
700 ## - ADDED ENTRY--PERSONAL NAME
Personal name
--
Holdings
Withdrawn status Lost status Damaged status Not for loan Home library Current library Shelving location Date acquired Cost, normal purchase price Total Checkouts Full call number Barcode Date last seen Price effective from Koha item type
        . . Library Compactors 30.05.2017 24.00   344.07 RAU 6738 30.05.2017 30.05.2017 BOOKs